00469nam a22001337a 4500003000500000082000800005100002400013245012800037264003700165300001200202650003100214700003300245856005700278NUST a200 aKhan, Faizan Ahmad  aDeep Learning Based Analysis of Optical Coherence Tomography Images for Assessment of Macular Diseases /cFaizan Ahmad Khan aIslamabad :bSEECS, NUST,c2022. a74 p. ; aMS-Electrical Engineering  aSupervisor: Dr. Muneer Ahmad uhttp://10.250.8.41:8080/xmlui/handle/123456789/30052